[Event "Moscow-ch sf"]
[Site "Moscow"]
[Date "2011.03.13"]
[Round "1"]
[White "Ageichenko, Genadi A"]
[Black "Salamov, Khetag"]
[Result "1-0"]
[WhiteElo "2357"]
[BlackElo "1994"]
[PlyCount "107"]
[EventDate "2011.03.13"]
[EventType "swiss"]
[EventRounds "9"]
[EventCountry "RUS"]
[SourceTitle "CBM 141 Extra"]
[Source "ChessBase"]
[SourceDate "2011.05.03"]
[SourceVersion "1"]
[SourceVersionDate "2011.05.03"]
[SourceQuality "1"]

1. c4 e5 2. Nc3 Nf6 3. g3 d5 4. cxd5 Nxd5 5. Bg2 Nb6 6. d3 Be7 7. Nf3 Nc6 8. a3 Be6 9. 0-0 0-0 10. b4 f6 11. Ne4 Nd4 12. Nxd4 exd4 13. Bb2 Rb8 14. Qc2 c6 15. Rfc1 f5 16. Nc5 Bf7 17. Nb3 Bf6 18. a4 Nd5 19. Bxd4 Nxb4 20. Qb2 Nd5 21. a5 Qd6 22. e4 fxe4 23. dxe4 Bxd4 24. Qxd4 Qb4 25. Rab1 Qxd4 26. Nxd4 Nc7 27. Bf1 Rfd8 28. Nf5 Bg6 29. Ne7+ Kf7 30. Nxg6 Kxg6 31. Rd1 Ne6 32. Rxd8 Nxd8 33. f4 b6 34. Kf2 Rb7 35. Rd1 Nf7 36. a6 Re7 37. e5 b5 38. Bd3+ Kh6 39. Rc1 Nd8 40. Be4 Rc7 41. Rd1 Rc8 42. Bf5 Rb8 43. e6 Nxe6 44. Bxe6 b4 45. Rd7 b3 46. Rb7 Rd8 47. Bxb3 Rd2+ 48. Kf3 c5 49. Kg4 Rd4 50. Rxa7 c4 51. Bc2 Rd2 52. Be4 c3 53. Rc7 Re2 54. a7 1-0

[Event "Moscow op-E"]
[Site "Moscow"]
[Date "2011.02.06"]
[Round "9.231"]
[White "Lavrischev, Anatoliy"]
[Black "Salamov, Khetag"]
[Result "0-1"]
[WhiteElo "1909"]
[BlackElo "1975"]
[PlyCount "76"]
[EventDate "2011.01.29"]
[EventType "swiss"]
[EventRounds "9"]
[EventCountry "RUS"]
[SourceTitle "EXT 2022"]
[Source "ChessBase"]
[SourceDate "2021.10.06"]
[SourceVersion "1"]
[SourceVersionDate "2021.10.06"]
[SourceQuality "1"]

1. c4 e5 2. b3 Nf6 3. Bb2 Nc6 4. e3 d5 5. cxd5 Nxd5 6. a3 Be7 7. Qc2 0-0 8. Nf3 Bf6 9. d3 Re8 10. Nbd2 Bg4 11. Be2 Nb6 12. 0-0 Bf5 13. Rfd1 Qe7 14. b4 e4 15. dxe4 Bxb2 16. Qxb2 Bxe4 17. Nxe4 Qxe4 18. Bd3 Qe7 19. Rac1 a6 20. Qc2 h6 21. Nd2 Ne5 22. Be2 c6 23. Nb3 Nd5 24. Na5 Rab8 25. Bc4 Nxc4 26. Qxc4 Qg5 27. h4 Qf5 28. Nxb7 Rxb7 29. Qxc6 Rd7 30. e4 Rxe4 31. Qc8+ Kh7 32. Rc5 Re2 33. Rf1 Qe6 34. Ra5 Nf4 35. Qa8 Rd3 36. g3 Qg4 37. Rc1 Rxg3+ 38. fxg3 Qxg3+ 0-1